000 00632nam a2200181 a 4500
005 20140412111232.0
008 020416s19uu xx 00 eng d
020 _a0-7239-0047-7
050 _aER
_bTe22 1993
100 _aSpurgeon, Maureen
245 _aTeddy Bears' party :
_ba musical story book /
_ctext by Maureen Spurgeon; illustrations by Gill Guile.
260 _aEngland :
_bKibworth Books,
_c1993.
300 _a1 v. (unp.) ; ill.
520 _aHave you ever looked for your teddy and not been able to find him? Where had he gone?
650 _aBears
_xFiction
650 _aChildren stories
_xFiction
999 _c102230
_d102230